[Event "Regionalliga SW 0910"]
[Site "Bayern"]
[Date "2010.02.28"]
[Round "7.5"]
[White "Reimann, Robert"]
[Black "Ehmer, Fabian"]
[Result "1-0"]
[WhiteElo "2102"]
[BlackElo "1877"]
[PlyCount "43"]
[EventDate "2009.10.18"]
[EventType "team-tourn"]
[EventRounds "9"]
[EventCountry "GER"]
[SourceTitle "EXT 2011"]
[Source "ChessBase"]
[SourceDate "2010.11.26"]
[SourceVersion "1"]
[SourceVersionDate "2010.11.26"]
[SourceQuality "1"]
[WhiteTeam "Goeggingen"]
[BlackTeam "Muenchen Suedost"]
[WhiteTeamCountry "GER"]
[BlackTeamCountry "GER"]

1. d4 d5 2. c4 e6 3. Nc3 Nf6 4. Bg5 Be7 5. e3 0-0 6. Nf3 h6 7. Bh4 b6 8. cxd5 Nxd5 9. Bxe7 Qxe7 10. Nxd5 exd5 11. Rc1 Be6 12. Qa4 Rc8 13. Bb5 c5 14. Qa3 Nd7 15. 0-0 a5 16. h3 Kf8 17. Rfd1 c4 18. Qa4 Nf6 19. a3 Bd7 20. Ne5 Ra7 21. Bxd7 Nxd7 22. Nc6 1-0

[Event "Regionalliga SW 0910"]
[Site "Bayern"]
[Date "2009.11.29"]
[Round "3.5"]
[White "Mueller, Marcus"]
[Black "Ehmer, Fabian"]
[Result "1-0"]
[WhiteElo "2059"]
[BlackElo "1877"]
[PlyCount "81"]
[EventDate "2009.10.18"]
[EventType "team-tourn"]
[EventRounds "9"]
[EventCountry "GER"]
[SourceTitle "EXT 2011"]
[Source "ChessBase"]
[SourceDate "2010.11.26"]
[SourceVersion "1"]
[SourceVersionDate "2010.11.26"]
[SourceQuality "1"]
[WhiteTeam "Garching II"]
[BlackTeam "Muenchen Suedost"]
[WhiteTeamCountry "GER"]
[BlackTeamCountry "GER"]

1. Nf3 c5 2. c4 Nc6 3. Nc3 g6 4. d4 cxd4 5. Nxd4 Bg7 6. Nc2 Nf6 7. e4 0-0 8. Be2 b6 9. 0-0 Bb7 10. Be3 d6 11. Qd2 Ne5 12. f3 Rc8 13. b3 Qd7 14. Rfd1 Rfd8 15. Rac1 Ne8 16. Nb4 Nc6 17. Nb5 a6 18. Nxc6 Bxc6 19. Nd4 Ba8 20. Bf1 Nc7 21. Nc2 b5 22. c5 Ne8 23. Qf2 Qb7 24. b4 dxc5 25. bxc5 e5 26. Nb4 Nf6 27. Rxd8+ Rxd8 28. c6 Qe7 29. Nd5 Nxd5 30. exd5 Qd6 31. Bb6 Rc8 32. Qc5 Qf6 33. Qa3 Bh6 34. Qxa6 Re8 35. Re1 Bd2 36. Rd1 Bc3 37. Qxb5 Bd4+ 38. Bxd4 exd4 39. c7 Qe5 40. Qxe8+ Qxe8 41. Ba6 1-0

[Event "Stuttgart-chA int"]
[Site "Gerlingen"]
[Date "2007.05.20"]
[Round "7"]
[White "Steinbach, Peter"]
[Black "Ehmer, Fabian"]
[Result "1/2-1/2"]
[WhiteElo "2104"]
[BlackElo "1948"]
[PlyCount "40"]
[EventDate "2007.05.17"]
[EventType "swiss"]
[EventRounds "7"]
[EventCountry "GER"]
[SourceTitle "EXT 2018"]
[Source "ChessBase"]
[SourceDate "2017.10.13"]
[SourceVersion "1"]
[SourceVersionDate "2017.10.13"]
[SourceQuality "1"]

1. e4 c5 2. Nc3 d6 3. g3 g6 4. f4 Bg7 5. Nf3 Nc6 6. Bg2 Nf6 7. d3 0-0 8. 0-0 Rb8 9. h3 Bd7 10. Be3 b5 11. Qd2 Qc7 12. g4 e6 13. Ne2 Ne8 14. Rab1 f5 15. exf5 exf5 16. gxf5 Bxf5 17. Ng3 Bd7 18. Ng5 Ne7 19. c3 h6 20. N5e4 Nd5 1/2-1/2

[Event "Stuttgart-chA int"]
[Site "Gerlingen"]
[Date "2007.05.17"]
[Round "1"]
[White "Weiler, Wolfgang"]
[Black "Ehmer, Fabian"]
[Result "1/2-1/2"]
[WhiteElo "2145"]
[BlackElo "1948"]
[PlyCount "106"]
[EventDate "2007.05.17"]
[EventType "swiss"]
[EventRounds "7"]
[EventCountry "GER"]
[SourceTitle "EXT 2018"]
[Source "ChessBase"]
[SourceDate "2017.10.13"]
[SourceVersion "1"]
[SourceVersionDate "2017.10.13"]
[SourceQuality "1"]

1. d4 d5 2. c4 e6 3. Nf3 Nf6 4. g3 Be7 5. Bg2 0-0 6. 0-0 c6 7. Nbd2 Nbd7 8. b3 Qc7 9. Bb2 b6 10. Qc2 Bb7 11. Rac1 Rac8 12. Ne5 c5 13. cxd5 Nxd5 14. Nd3 Qb8 15. dxc5 Nxc5 16. Nxc5 Bxc5 17. Qb1 Bb4 18. Nc4 Rfd8 19. e4 Ne7 20. Be5 Qa8 21. Rcd1 b5 22. Nd6 Bxd6 23. Bxd6 Ng6 24. f3 f6 25. Bh3 Kf7 26. b4 a5 27. Qb3 Rc4 28. a4 Ba6 29. Bc5 axb4 30. Bxb4 Qa7+ 31. Kh1 Qc7 32. Rxd8 Qxd8 33. axb5 Bxb5 34. Ba3 Qe8 35. Rb1 Ra4 36. Bc1 Bc6 37. Be3 Ne5 38. Bg2 Nc4 39. Bc1 Qd7 40. Qc3 Nd6 41. Be3 Nc4 42. Bg1 Qd2 43. Qxd2 Nxd2 44. Rd1 Ra2 45. Rc1 Bb5 46. Be3 Nc4 47. Bd4 e5 48. Bg1 Ra3 49. Bf1 Ra4 50. Rb1 Ba6 51. Rd1 Bb5 52. h4 Ra3 53. Rc1 Ra4 1/2-1/2

[Event "Stuttgart-chB int"]
[Site "Ditzingen"]
[Date "2006.05.28"]
[Round "7"]
[White "Ehmer, Fabian"]
[Black "Musovic, Naser"]
[Result "1-0"]
[WhiteElo "1705"]
[BlackElo "1535"]
[PlyCount "69"]
[EventDate "2006.05.25"]
[EventType "swiss"]
[EventRounds "7"]
[EventCountry "GER"]
[SourceTitle "EXT 2018"]
[Source "ChessBase"]
[SourceDate "2017.10.13"]
[SourceVersion "1"]
[SourceVersionDate "2017.10.13"]
[SourceQuality "1"]

1. g3 d5 2. Bg2 Nf6 3. c4 c6 4. cxd5 cxd5 5. Nc3 e6 6. d3 Be7 7. Nf3 Nc6 8. 0-0 d4 9. Ne4 Nxe4 10. dxe4 0-0 11. e3 e5 12. exd4 exd4 13. Qd3 Qb6 14. a3 Rd8 15. b4 Be6 16. Bb2 f6 17. Rad1 Ne5 18. Nxe5 fxe5 19. f4 Bf6 20. Kh1 Rac8 21. Rc1 Rc6 22. Rxc6 bxc6 23. Rc1 a5 24. Qd2 a4 25. Rc5 h6 26. h4 exf4 27. e5 fxg3 28. exf6 Rd6 29. fxg7 Bf7 30. Qf4 Rg6 31. Bxd4 Qd8 32. Rxc6 Rxc6 33. Bxc6 Bd5+ 34. Bxd5+ Qxd5+ 35. Kg1 1-0

[Event "Seebach op 14th"]
[Site "Grossenseebach"]
[Date "2003.06.21"]
[Round "6"]
[White "Ehmer, Fabian"]
[Black "Dehm, Tobias"]
[Result "1/2-1/2"]
[WhiteElo "1545"]
[BlackElo "1672"]
[PlyCount "82"]
[EventDate "2003.06.19"]
[EventType "swiss"]
[EventRounds "7"]
[EventCountry "GER"]
[SourceTitle "EXT 2018"]
[Source "ChessBase"]
[SourceDate "2017.10.13"]
[SourceVersion "1"]
[SourceVersionDate "2017.10.13"]
[SourceQuality "1"]

1. g3 e6 2. Bg2 Nf6 3. c4 c5 4. Nc3 Nc6 5. d3 Be7 6. Nf3 0-0 7. 0-0 d5 8. cxd5 exd5 9. Bf4 a6 10. a4 Qb6 11. Qd2 Na5 12. Rab1 d4 13. Ne4 Nxe4 14. dxe4 Nb3 15. Qd3 Be6 16. Nd2 Rac8 17. Nxb3 Bxb3 18. a5 Qe6 19. e5 Bd5 20. Bxd5 Qxd5 21. b3 g5 22. Bc1 Kh8 23. f4 f6 24. exf6 Rxf6 25. e3 gxf4 26. e4 Qh5 27. Bxf4 Rcf8 28. Rb2 Bd6 29. Rbf2 Bxf4 30. Rxf4 Rxf4 31. Rxf4 Rxf4 32. gxf4 Qg4+ 33. Qg3 Qd1+ 34. Kg2 d3 35. Qg5 Qd2+ 36. Kg3 Qe3+ 37. Kg4 Qd4 38. Qf5 Qg1+ 39. Kf3 Qf1+ 40. Kg3 Qg1+ 41. Kf3 Qf1+ 1/2-1/2

[Event "Seebach op 14th"]
[Site "Grossenseebach"]
[Date "2003.06.20"]
[Round "4"]
[White "Ehmer, Fabian"]
[Black "Melzner, Lukas"]
[Result "0-1"]
[WhiteElo "1545"]
[BlackElo "1740"]
[PlyCount "149"]
[EventDate "2003.06.19"]
[EventType "swiss"]
[EventRounds "7"]
[EventCountry "GER"]
[SourceTitle "EXT 2018"]
[Source "ChessBase"]
[SourceDate "2017.10.13"]
[SourceVersion "1"]
[SourceVersionDate "2017.10.13"]
[SourceQuality "1"]

1. g3 e5 2. Bg2 Nc6 3. c4 g6 4. Nc3 Bg7 5. d3 d6 6. f4 Bd7 7. Nf3 f5 8. Qb3 Rb8 9. 0-0 Nf6 10. e3 Qc8 11. Nd2 0-0 12. Nd5 Kh8 13. Nb1 Nxd5 14. Bxd5 Ne7 15. Bg2 b5 16. Rf2 Be6 17. Qc2 exf4 18. exf4 Bd4 19. Na3 Bxf2+ 20. Kxf2 bxc4 21. Nxc4 h6 22. b3 Kh7 23. Bb2 Bd5 24. Re1 Qd7 25. Qc3 Rf7 26. Bxd5 Nxd5 27. Qa5 Nb6 28. Qxa7 Nxc4 29. Qxb8 Nxb2 30. Re8 g5 31. Rh8+ Kg6 32. Qg8+ Rg7 33. Qd5 Qe7 34. Qf3 g4 35. Qe2 Qf6 36. Re8 Qd4+ 37. Kf1 Qxd3 38. Ke1 Qxe2+ 39. Kxe2 Kf6 40. Kd2 c5 41. Kc2 Na4 42. bxa4 Re7 43. Rf8+ Ke6 44. Kc3 Ra7 45. Kb3 Kd5 46. Rxf5+ Kd4 47. Rf6 d5 48. Rc6 c4+ 49. Kb4 Rb7+ 50. Ka3 Kc3 51. a5 d4 52. a6 Rb8 53. Ka4 d3 54. a7 Ra8 55. Kb5 d2 56. Rxc4+ Kd3 57. Rc7 Rd8 58. Rd7+ Rxd7 59. a8Q d1Q 60. Qa3+ Ke2 61. Qb2+ Kf1 62. Qf6 Qd5+ 63. Kb4 Qd6+ 64. Qxd6 Rxd6 65. a4 Kg2 66. Kc5 Rd8 67. a5 Kxh2 68. a6 Kxg3 69. f5 Kf4 70. f6 Kf5 71. f7 Kf6 72. a7 Kxf7 73. Kc6 g3 74. Kb7 g2 75. a8Q 0-1

[Event "Bayern-ch U12"]
[Site "Mimberg"]
[Date "2002.04.02"]
[Round "3"]
[White "Ehmer, Fabian"]
[Black "Wittmann, Thomas"]
[Result "1/2-1/2"]
[WhiteElo "1457"]
[BlackElo "1486"]
[PlyCount "25"]
[EventDate "2002.04.??"]
[EventType "swiss"]
[EventRounds "7"]
[EventCountry "GER"]
[SourceTitle "EXT 2004"]
[Source "ChessBase"]
[SourceDate "2003.11.25"]
[SourceVersion "1"]
[SourceVersionDate "2003.11.25"]
[SourceQuality "1"]

1. e4 c5 2. Nf3 d6 3. c3 Nf6 4. Qc2 e6 5. d4 cxd4 6. cxd4 Nc6 7. Nc3 Bd7 8. a3 Rc8 9. Bd3 a6 10. 0-0 Be7 11. Bd2 h6 12. Rac1 0-0 13. Rfe1 1/2-1/2

[Event "GER-chT U12"]
[Site "Seifhennersdorf"]
[Date "2001.12.28"]
[Round "4.2"]
[White "Nolte, Christian"]
[Black "Ehmer, Fabian"]
[Result "0-1"]
[WhiteElo "1396"]
[BlackElo "1256"]
[PlyCount "58"]
[EventDate "2001.12.27"]
[EventType "team"]
[EventRounds "7"]
[EventCountry "GER"]
[SourceTitle "EXT 2003"]
[Source "ChessBase"]
[SourceDate "2002.11.25"]
[SourceVersion "1"]
[SourceVersionDate "2002.11.25"]
[SourceQuality "1"]

1. e4 c5 2. Nc3 Nc6 3. g3 Nf6 4. Bg2 e6 5. d3 h6 6. Be3 d5 7. exd5 exd5 8. Nce2 Be6 9. h3 Bd6 10. f4 Qb6 11. b3 0-0 12. Nf3 Rfe8 13. Bf2 Qb4+ 14. c3 Qa5 15. 0-0 Qc7 16. Rc1 Qe7 17. Re1 Qd7 18. g4 Qc7 19. Qd2 b5 20. d4 c4 21. Ne5 a6 22. b4 Rad8 23. Bh4 Be7 24. f5 Bc8 25. Nf4 Ne4 26. Bxe4 Bxh4 27. Bxd5 Bxe1 28. Nxf7 Bxd2 29. Ng5+ Rxd5 0-1